| 000 | 00410nam a2200157Ia 4500 | ||
|---|---|---|---|
| 008 | 210716s2001 xx 000 0 und d | ||
| 020 | _a70447403 | ||
| 041 | _aeng | ||
| 082 | _a004.6x MERD | ||
| 100 | _aMercer, Dave. | ||
| 245 |
_aXml: a beginners guide. _bA beginners guide. |
||
| 250 | _a1 | ||
| 260 |
_aNew Delhi _bTata McGraw Hill Publishing Company Ltd _c2001 |
||
| 300 | _axxii,400 | ||
| 650 | _aNone | ||
| 999 |
_c184783 _d184783 |
||